How to pay for college 1984-85 : an introduction to financial planning for applicants to selective colleges /

Bibliographic Details
Main Author: Betterton, Don M., 1938-
Format: Book
Language:English
Published: Princeton, N.J. : Peterson's Guides, 1984.
Subjects:

MARC

Tag First Indicator Second Indicator Subfields
LEADER 00000cam a2200000 a 4500
001 in00000018789
005 20151007054050.0
008 850419s1984 nju 00010 eng d
020 |a 0878662960 
035 |a (OCoLC)11943184 
035 |9 AAB3864AM 
040 |a OKS  |c OKS  |d TXA  |d UtOrBLW 
049 |a TXAM  |c [A08396054] 
050 4 |a LB2338  |b .B4 1984 
100 1 |a Betterton, Don M.,  |d 1938- 
245 1 0 |a How to pay for college 1984-85 :  |b an introduction to financial planning for applicants to selective colleges /  |c Don Betterton. 
264 1 |a Princeton, N.J. :  |b Peterson's Guides,  |c 1984. 
300 |a 12 pages ;  |c 23 cm. 
336 |a text  |b txt  |2 rdacontent 
337 |a unmediated  |b n  |2 rdamedia 
338 |a volume  |b nc  |2 rdacarrier 
500 |a Cover title. 
650 0 |a College costs. 
999 |a MARS 
999 f f |s c50d46e0-8ddc-347a-8503-87111d6d8ba3  |i 0cbc63e7-876e-32e8-a075-a0ce72656de5  |t 0 
952 f f |p normal  |a Texas A&M University  |b College Station  |c Sterling C. Evans Library  |d Evans: Library Stacks  |t 0  |e LB2338 .B4 1984  |h Library of Congress classification  |i unmediated -- volume  |m A14808396054 
998 f f |a LB2338 .B4 1984  |t 0  |l Evans: Library Stacks